| 000 | 00739nam a22002057a 4500 | ||
|---|---|---|---|
| 003 | NUST-PNEC | ||
| 005 | 20170116180743.0 | ||
| 008 | 150112b xxu||||| |||| 00| 0 eng d | ||
| 020 | _a0749424559 | ||
| 040 | _cPNEC | ||
| 082 | _a153.14 SVA | ||
| 100 |
_91205 _aSvantesson Ingemar |
||
| 245 |
_aLearning maps and memory skills : powerful techniques to help you make better use of your brain _cIngemar Svantesson |
||
| 250 | _a2nd ed. | ||
| 260 |
_aLondon : _bKogan Page, _cc1998 |
||
| 300 |
_aix, 99 pages : _billustrations ; _c22 cm |
||
| 650 | _xGeneral | ||
| 856 | _uhttp://www.amazon.com/Learning-Maps-Memory-Skills-Techniques/dp/0749424559/ref=sr_1_1?s=books&ie=UTF8&qid=1421050215&sr=1-1&keywords=0749424559 | ||
| 942 |
_2ddc _cBK |
||
| 999 |
_c62289 _d62289 |
||